1 Fusée, 1 Mission : Le Quiz des Lancements Spatiaux - Statistiques

Statistiques générales
  • Ce quiz a été pris 12 fois
  • Le résultat moyen est 2 sur 8
Statistiques - réponses
Par images Réponse % Correct
Apollo 11
91%
Apollo 13
64%
Artemis II
45%
STS
18%
Rosetta
9%
Voyager 1
9%
Mars 2020
0%
Vostok 1
0%
Aucun quiz correspondant
Distribution des résultats
% des personnes avec chaque résultat
Percentile par nombre de réponses
Votre historique - résultats
Vous n’avez pas pris ce quiz